Central Library OPAC University of Rajshahi

Descartes' Discourse on method / (Record no. 31412)

MARC details
000 -LEADER
fixed length control field 00781nam a2200253 a 4500
001 - CONTROL NUMBER
control field 31412
003 - CONTROL NUMBER IDENTIFIER
rucl marc code BD-RjUL
005 - DATE AND TIME OF LATEST TRANSACTION
control field 20211209051710.0
008 - FIXED-LENGTH DATA ELEMENTS--GENERAL INFORMATION
fixed length control field 140415r19481937enk 001 0 eng d
035 ## - SYSTEM CONTROL NUMBER
System control number oxf98220783
System control number (BD-RjUL)31499
040 ## - CATALOGING SOURCE
Original cataloging agency BNG
Transcribing agency BNG
Modifying agency m.c
-- BD-RjUL
Language of cataloging eng
041 ## - LANGUAGE CODE
Language code of text/sound track or separate title eng
082 04 - DEWEY DECIMAL CLASSIFICATION NUMBER
Classification number 194
Author mark and year ROD 1937
099 ## - LOCAL FREE-TEXT CALL NUMBER (OCLC)
Bangla Class number *ML FM.DES2 - 8DIS - D7-E8
100 1# - MAIN ENTRY--PERSONAL NAME
Personal name Roth, Leon,
Dates associated with a name 1896-1963
9 (RLIN) 95582
245 10 - TITLE STATEMENT
Title Descartes' Discourse on method /
Statement of responsibility, etc. by Leon Roth
260 ## - PUBLICATION, DISTRIBUTION, ETC. (IMPRINT)
Place of publication, distribution, etc. Oxford :
Name of publisher, distributor, etc. Clarendon Press,
Date of publication, distribution, etc. 1937 [Reprinted 1948]
300 ## - PHYSICAL DESCRIPTION
Pagination viii, 142 p. ;
Size 20 cm
504 ## - BIBLIOGRAPHY, ETC. NOTE
Bibliography, etc includes bibliographical footnotes and index.
650 ## - SUBJECT ADDED ENTRY--TOPICAL TERM
Topical term or geographic name as entry element Discours de la méthode (Descartes, René)
9 (RLIN) 30200
Topical term or geographic name as entry element Science
General subdivision Methodology
9 (RLIN) 220828
942 ## - ADDED ENTRY ELEMENTS (KOHA)
Source of classification or shelving scheme Dewey Decimal Classification
Koha item type Books
Holdings
Lost status Source of classification or shelving scheme Damaged status Not for loan Collection code Permanent Location Current Location Shelving location Date acquired Source of acquisition Cost, normal purchase price Total Checkouts Full call number Date last seen Copy number Koha item type
  Dewey Decimal Classification   Not For Loan Non-fiction Central Library, University of Rajshahi Central Library, University of Rajshahi Rare Book Section 14/11/1957 OXFORD UNI. PRESS 10.20   194 ROD 1937 15/04/2014 C-1 Rare Books